000 00527nam a2200157 i 4500
001 33553
003 ES-MaACL
005 20230906154758.0
007 t|
008 030202s1920 fr ||||1| fre d
100 1 _aBigourdan, G.
_928854
245 1 0 _aBibliothéque bibliographique et documentaire
_b: section des sciences pures et appliquées ... l'astronomie, la geodésie et la géophysique /
_cpar G. Bigourdan.
260 _aParis :
_bGauthier-Villars,
_c1920.
300 _a257 p. ;
_c25 cm.
852 _aES-MaACL
_jD-8681
999 _c33553
_d33553